Frontiers in numerical analysis
Αποθηκεύτηκε σε:
| Συγγραφή απο Οργανισμό/Αρχή: | |
|---|---|
| Άλλοι συγγραφείς: | , , |
| Μορφή: | Βιβλίο |
| Γλώσσα: | English |
| Δημοσίευση: |
Berlin :
Springer,
c2003.
|
| Σειρά: | Universitext
|
| Θέματα: | |
| Ετικέτες: |
Προσθήκη ετικέτας
Δεν υπάρχουν, Καταχωρήστε ετικέτα πρώτοι!
|
MARC
| LEADER | 00000cam a2200000 i 4500 | ||
|---|---|---|---|
| 001 | 1/44872 | ||
| 008 | 031110s2003 gw ||| | eng|| | ||
| 020 | |a 3540443193 | ||
| 035 | |l 10071624 | ||
| 040 | |a GR-MyUA |b gre |e AACR2 | ||
| 041 | 0 | |a eng | |
| 082 | 0 | |a 519.4 | |
| 110 | 2 | |a LMS-EPSRC Numerical Analysis Summer School. | |
| 245 | 1 | 0 | |a Frontiers in numerical analysis / |c James F. Blowey, Alan W. Craig, Tony Shardlow, editors. |
| 260 | |a Berlin : |b Springer, |c c2003. | ||
| 300 | |a xiii, 349 σ. : |b εικ. ; |c 24 εκ. | ||
| 490 | 1 | |a (Universitext) | |
| 504 | |a Περιέχει βιβλιογραφικές αναφορές και ευρετήριο. | ||
| 650 | 0 | 0 | |a Numerical analysis |x Congresses. |
| 700 | 1 | |a Craig, Alan W. |e edt | |
| 700 | 1 | |a Shardlow, Tony, |e edt | |
| 700 | 1 | |a Blowey, James F. |e edt | |
| 830 | 0 | |a Universitext | |
| 852 | |a INST |b SAMOS |e 20031110 |h 519.4 LMS |p 005300023681 |q 005300023681 |t BK |y 0 | ||
| 901 | |a BIBL3-2003-3 | ||
| 909 | |a Σ |b 106818 | ||
| 922 | |a 3ΕΛΗ |b 200309 |c ΕΠΕΑΕΚ2/ΤΜΗΜΑ ΜΑΘΗΜΑΤΙΚΩΝ |d ΜΙΧΑΛΟΠΟΥΛΟΣ | ||
| 970 | |a ΠΟΥΡΝΑΡΑΣ |b ΔΗΜΗΤΡΗΣ |z 2003/11/25 | ||